Pokorený elegán Lomnický štít

Bibliographic Details
Main Author: Muntág, Stanislav, 1965- (Author)
Format: Article
Language:Slovak
ISBN:8096922149
Subjects:

MARC

LEADER 00000nab a2200000 ar4500
001 vtls008888072
003 SK-MaSNL
005 20260303061753.0
008 061205c2004 xo |r|p|||||||000 b|slo
015 |a SNBRA2006/12  |2 snkbucl 
038 |a SNKBUCL 
040 |a SNKBUCL  |b slo  |c SNKBUCL  |e AACR2 
041 0 |a slo 
044 |a xo  |c SK 
080 |a 908(437.6)  |2 2001 
100 1 |a Muntág, Stanislav,  |d 1965-  |4 aut  |9 106083 
245 1 0 |a Pokorený elegán  |b Lomnický štít  |c Stanislav Muntág 
651 7 |a Lomnický štít (Vysoké Tatry, Slovensko)  |2 snkbucl  |9 19911 
773 0 |t Národný kalendár 2005  |d Martin : Matica slovenská, 2004  |g S. 32-33  |z 8096922149 
852 |a SNK  |b KIS3GCP 
999 |c 1736721  |d 1738651